[Event "CAT-chT Honor Division 2019"]
[Site "Catalonia"]
[Date "2019.03.30"]
[Round "11.1"]
[White "Perez Mitjans, Orelvis"]
[Black "Peralta, Fernando"]
[Result "1/2-1/2"]
[WhiteElo "2377"]
[BlackElo "2580"]
[Annotator "TA"]
[PlyCount "112"]
[EventDate "2019.01.16"]
[EventType "team-tourn"]
[EventCountry "ESP"]
[SourceTitle "playchess.com"]
[Source "ChessBase"]
[SourceQuality "1"]
[WhiteTeam "SJO"]
[BlackTeam "EEB"]

{[%evp 10,112,18,12,26,24,23,20,24,18,20,26,23,12,21,0,0,0,-10,-10,-10,-10,-15,-11,-12,-10,-8,-10,-16,-16,-14,-16,-12,-14,-24,-12,-14,-20,-4,-6,0,-25,-28,-37,-28,-56,-56,-58,-60,-60,-62,-53,-57,-45,-45,-63,-53,-63,-66,-55,-66,-96,-96,-113,-22,-68,0,-50,-17,-107,-106,-104,-112,-112,-112,-112,-103,-99,-47,-49,-46,-46,-38,-43,-44,-44,-44,-60,-43,-41,-59,-61,0,0,0,0,0,0,0,0,0,0,0,0,0]} 1. e4 c6 2. d4 d5 3. e5 Bf5 4. Nd2 e6 5. Nb3 Nd7 6. Nf3 Ne7 {B12: Caro-Kann: Advance Variation} 7. Be2 Nc8 (7... h6 8. a4 Qc7 9. O-O g5 10. a5 O-O-O 11. Bd2 a6 12. c4 dxc4 13. Bxc4 Nd5 14. Qe2 {0-1 (38) Movsesian,S (2629)-Shankland,S (2725) chess.com INT 2019}) 8. O-O Be7 9. a4 O-O 10. a5 a6 11. c4 dxc4 12. Nbd2 b5 {White must now prevent ...Bb4.} 13. axb6 $1 Ncxb6 14. Nxc4 Nxc4 15. Bxc4 {[#]} a5 $146 16. Bd3 Bxd3 17. Qxd3 Nb6 18. Qc2 Qd5 19. Bg5 Bb4 20. Rfc1 h6 21. Be3 ({Of course not} 21. Qxc6 hxg5 22. Qxb6 g4 $17) 21... Rfc8 22. Ne1 Bxe1 23. Rxe1 Rab8 24. Rec1 Nd7 25. Bd2 Rb5 26. Qc3 c5 27. Be3 c4 28. Bd2 Ra8 29. Qxc4 Qxc4 30. Rxc4 Rxb2 31. Bc1 Rb3 32. Rc7 Nb6 33. Rb7 a4 34. g3 Rc8 35. Ra7 Rc2 $1 36. Kg2 {[#]} Rd3 (36... g5 $1 $17 {...Rbc3 is the strong threat.} 37. Kg1 Kg7) 37. Ra6 Rb3 (37... Nc4 $15 38. R6xa4 Rxd4) 38. h4 h5 39. Ba3 (39. Ra5 $11 {keeps the balance.}) 39... Nd5 $17 {Threatens to win with ...Ne3+.} 40. Rxa4 Ne3+ 41. Kg1 {[#]} Ng4 $1 42. Rb4 Rf3 {Strongly threatening ...Kh7.} 43. Rb2 Rxb2 ({Black should play} 43... Rfxf2 $17 44. Rxc2 Rxc2) 44. Bxb2 $15 Rxf2 $17 {[%mdl 4096] Endgame KRB-KRN} 45. Bc1 Rc2 46. Bf4 Kh7 47. Ra7 Kg6 48. Rd7 Nh2 49. d5 exd5 50. Rxd5 Kf5 ({Better is} 50... Rb2 $15) 51. e6+ $1 $11 {[%mdl 64] Decoy. The position is equal.} Kxe6 52. Re5+ Kf6 {aiming for ...Nf3+.} 53. Rxh5 Nf3+ 54. Kf1 Nh2+ 55. Kg1 Nf3+ 56. Kf1 Nh2+ {Accuracy: White = 59%, Black = 68%.} 1/2-1/2

[Event "CAT-chT Honor Division 2019"]
[Site "Catalonia"]
[Date "2019.03.30"]
[Round "11.2"]
[White "Asis Gargatagli, Hipolito"]
[Black "Gallego Alcaraz, Andres Felipe"]
[Result "1/2-1/2"]
[WhiteElo "2529"]
[BlackElo "2502"]
[Annotator "TA"]
[PlyCount "30"]
[EventDate "2019.01.16"]
[EventType "team-tourn"]
[EventCountry "ESP"]
[SourceTitle "playchess.com"]
[Source "ChessBase"]
[SourceQuality "1"]
[WhiteTeam "EEB"]
[BlackTeam "SJO"]

{[%evp 16,30,29,28,64,25,0,8,77,83,83,83,77,87,88,83,93]} 1. e4 e6 2. d4 d5 3. Nd2 Nf6 4. e5 Nfd7 5. Ngf3 c5 6. c3 Nc6 7. Bd3 g6 {[%cal Bg7g6,Bg6g5][%mdl 32]} 8. h4 {[%cal Bh2h4,Bh4h5][%mdl 32]} h6 {C06: French Tarrasch: 3...Nf6 4 e5 Nfd7 5 Bd3 main lines} 9. Bc2 {LiveBook: 41 Games} Qa5 $146 ({Predecessor:} 9... Bg7 10. a3 a5 11. Nf1 b6 12. Ng3 Ba6 13. Be3 Qc7 14. Rc1 b5 15. Bd3 c4 16. Be2 {1-0 (47) Safarli,E (2653)-Chakravarthi,R (2442) Dubai 2018}) 10. h5 g5 $1 {White has an edge.} 11. O-O b5 (11... Qc7 $11 {keeps the balance.}) 12. Nb3 {White is better.} Qc7 13. Be3 b4 14. Nxc5 Nxc5 15. dxc5 bxc3 1/2-1/2

[Event "CAT-chT Honor Division 2019"]
[Site "Catalonia"]
[Date "2019.03.30"]
[Round "11.2"]
[White "Gonzalez Garcia, Jose"]
[Black "Alsina Leal, Daniel"]
[Result "1-0"]
[WhiteElo "2492"]
[BlackElo "2470"]
[Annotator "TA"]
[PlyCount "103"]
[EventDate "2019.01.16"]
[EventType "team-tourn"]
[EventCountry "ESP"]
[SourceTitle "playchess.com"]
[Source "ChessBase"]
[SourceQuality "1"]
[WhiteTeam "Colon Sabadell Chessy"]
[BlackTeam "CE Barbera"]

{[%evp 15,103,16,18,9,12,8,8,10,18,16,17,12,33,32,27,30,29,0,3,0,10,0,0,7,0,0,52,40,96,100,92,102,85,88,86,88,85,85,78,79,112,97,150,145,142,108,108,92,100,91,67,54,68,51,52,53,43,50,44,43,42,39,54,54,54,46,68,64,71,66,214,199,192,41,192,190,29972,29973,29973,29974,29974,29975,29975,29975,29976,29977,29977,29978,29978,29979]} 1. d4 Nf6 2. Nf3 g6 3. c4 Bg7 4. Nc3 d5 5. cxd5 Nxd5 6. e4 Nxc3 7. bxc3 c5 8. Be3 Qa5 9. Nd2 {D85: Exchange Grünfeld: Unusual White 7th moves and lines with 7 Nf3} cxd4 (9... Bd7 10. Rb1 Ba4 11. Qxa4+ Qxa4 12. Bb5+ Qxb5 13. Rxb5 b6 14. dxc5 Nd7 15. Ke2 Bxc3 16. Nb3 O-O {½-½ (28) Navara,D (2741)-Vachier Lagrave,M (2779) Biel 2018}) 10. Nc4 Qd8 ({Wrong is} 10... Qxc3+ $2 11. Bd2 $18) 11. cxd4 {The position is equal.} O-O 12. Rc1 f5 13. Qb3 {Strongly threatening Nd6+.} Kh8 14. Ne5 Bxe5 15. dxe5 Nc6 {[#]} 16. Bb5 $146 ({Predecessor:} 16. Rd1 Qa5+ {½-½ (36) Babula,V (2572)-Hoffmann,M (2496) Germany 2012}) 16... f4 $132 {[%mdl 2048] Black is not keeping still} 17. Bc5 Nd4 18. Qb4 Nxb5 19. Qxb5 b6 20. Ba3 $1 {Threatens to win with e6!} Be6 (20... a5 $11) 21. O-O $14 Rc8 (21... Kg8 $14) 22. Rxc8 $16 Bxc8 23. Qb3 Qd7 24. Rd1 Qe6 25. Qxe6 Bxe6 26. Bxe7 {[%mdl 4096] Endgame KRB-KRB} Rc8 27. h4 Kg7 28. Bg5 Rc2 (28... Kf7 $142) 29. a3 Rc3 30. h5 gxh5 31. Bxf4 Rxa3 32. Rd6 Kf7 33. Bg5 {Hoping for f4.} Ra4 34. f4 {f5 is the strong threat.} Rxe4 {[#]} 35. f5 $1 {[%cal Rf5e6][%mdl 512]} Rxe5 (35... Bxf5 36. Rf6+) 36. fxe6+ Rxe6 $14 {KRB-KR} 37. Rd7+ Kg6 38. Bd2 a6 39. Kf2 b5 40. Kf3 h6 41. Bc3 Rc6 42. Bd4 a5 ({Better is} 42... h4 $14) 43. Kf4 {[%csl Gd4][%cal Rd7g7]} h4 44. Rg7+ Kh5 45. Rb7 Ra6 $2 {[#]} (45... b4 $18) 46. Rxb5+ {White mates.} Kg6 47. Rb6+ Rxb6 48. Bxb6 a4 49. Kg4 a3 50. Bd4 a2 51. Bb2 h5+ 52. Kf4 {Accuracy: White = 88%, Black = 59%.} 1-0

[Event "CAT-chT Honor Division 2019"]
[Site "Catalonia"]
[Date "2019.03.30"]
[Round "11.3"]
[White "Fluvia Poyatos, Joan"]
[Black "Moskalenko, Viktor"]
[Result "1/2-1/2"]
[WhiteElo "2475"]
[BlackElo "2515"]
[Annotator "TA"]
[PlyCount "93"]
[EventDate "2019.01.16"]
[EventType "team-tourn"]
[EventCountry "ESP"]
[SourceTitle "playchess.com"]
[Source "ChessBase"]
[SourceQuality "1"]
[WhiteTeam "SJO"]
[BlackTeam "EEB"]

{[%evp 15,93,6,14,8,6,5,8,0,18,17,11,-4,9,7,12,0,0,-16,29,-18,0,-68,-72,-75,-88,-93,-84,-85,-95,-97,-41,-64,-24,-80,0,-58,-19,-62,-37,-77,-25,-67,-67,-95,-102,-157,0,-66,-68,-133,-124,-122,-68,-69,-75,-75,-85,-103,-8,-2,-6,-8,-8,-13,15,0,6,-2,12,0,0,0,0,0,0,0,0,0,0,0]} 1. b3 d5 2. Bb2 e6 3. Nf3 Nf6 4. e3 Nbd7 5. c4 c6 6. Be2 Bd6 {A06: Réti Opening:1 Nf3 d5} 7. O-O O-O 8. d4 b6 {LiveBook: 9 Games} 9. Ne5 Bb7 10. Nd2 Qe7 11. f4 $146 ({Predecessor:} 11. Bd3 c5 12. Qc2 cxd4 13. exd4 h6 14. Rae1 Bb4 15. Re2 Nxe5 16. dxe5 Nd7 17. cxd5 Bxd5 18. Bh7+ Kh8 19. Be4 Rac8 {½-½ (40) Gelashvili,T (2615)-Sulashvili,M (2476) Baku 2009}) 11... Ba3 12. Bxa3 Qxa3 13. Bd3 Qd6 14. cxd5 cxd5 15. Qb1 Rfc8 16. g4 Nf8 (16... Qb4 $5 {[%cal Rb4d2]} 17. Ndf3 Nxe5 18. Nxe5 Ne4 $11) 17. f5 N6d7 (17... Ne8 {is more complex.} 18. g5 exf5 19. Rxf5 Rc7 20. Qe1 Ng6) 18. fxe6 ({Better is} 18. Nxd7 $11 Qxd7 19. Rf3) 18... Nxe5 $15 19. dxe5 Qxe6 20. Bf5 Qxe5 21. Bxc8 Qxe3+ {[%mdl 64] Double Attack} (21... Rxc8 22. Qf5 $15) 22. Rf2 Bxc8 (22... Rxc8 $17 23. Qf5 Rc7) 23. Qd1 Qh3 24. Rg2 (24. Nf1 $1 $11 {remains equal.} Bb7 25. Qf3 Qxf3 26. Rxf3) 24... Qe3+ 25. Rf2 $1 Be6 (25... Qg5 {seems wilder.} 26. Nf1 Be6 27. Qd4 Ng6 28. Ne3 h5) 26. Nf1 Qg5 $36 {[%mdl 2048] Black has good play.} 27. h3 Ng6 (27... h5 $17 28. Qd4 hxg4 29. hxg4 Re8) 28. Qd2 Qh4 29. Kg2 h5 30. Ne3 Rd8 $2 (30... hxg4 $17 31. hxg4 Re8) 31. Qd4 (31. Nf5 $11 Bxf5 32. gxf5) 31... Qg5 32. Kh2 (32. Raf1 $15) 32... hxg4 $17 33. hxg4 {[#]} Qe5+ (33... Re8 $1 $17 {...Bxg4 is the strong threat.} 34. Raf1 Bc8) 34. Qxe5 $15 Nxe5 35. Kg3 d4 36. Rd1 {[#]} f6 ({Black should play} 36... g5 $1 $17) 37. Rf4 $11 {The position is equal.} d3 38. g5 Kf7 39. Rdf1 Rg8 40. Ra4 a5 41. Rd4 Rc8 42. Rd6 Rh8 43. gxf6 gxf6 44. Rxb6 Rh3+ 45. Kf4 Rh4+ 46. Kg3 Rh3+ 47. Kf4 {Accuracy: White = 35%, Black = 39%.} 1/2-1/2

[Event "CAT-chT Honor Division 2019"]
[Site "Catalonia"]
[Date "2019.03.30"]
[Round "11.3"]
[White "Vila Gazquez, Xavier"]
[Black "Comas Fabrego, Lluis"]
[Result "1-0"]
[WhiteElo "2475"]
[BlackElo "2467"]
[Annotator "TA"]
[PlyCount "78"]
[EventDate "2019.01.16"]
[EventType "team-tourn"]
[EventCountry "ESP"]
[SourceTitle "playchess.com"]
[Source "ChessBase"]
[SourceQuality "1"]
[WhiteTeam "CE Barbera"]
[BlackTeam "Colon Sabadell Chessy"]

{[%evp 19,78,-12,-20,-72,-78,-81,-65,-73,-53,-100,-97,-102,-109,-97,-106,-112,-37,-235,-235,-240,-232,-310,-118,-113,-113,-112,-112,-110,-112,-113,-104,-112,-125,-139,-114,-188,-184,-200,-196,-196,-188,-192,-203,-236,-229,-198,-215,-235,-229,-229,-169,-197,-158,-249,-243,-239,-221,-229,-58,-214,-41]} 1. e4 Nf6 2. e5 Nd5 3. d4 d6 4. c4 Nb6 5. f4 g6 6. Nc3 Bg7 7. Be3 Be6 {B03: Alekhine's Defence: Four Pawns Attack} 8. b3 (8. Nf3 O-O 9. c5 Nd5 10. Nxd5 Bxd5 11. Be2 Nc6 12. O-O b6 13. cxd6 cxd6 14. Rc1 Rc8 15. Qa4 {1-0 (90) Jones,G (2640)-Cornette,D (2439) chess.com INT 2018}) 8... O-O 9. Nf3 c5 10. dxc5 N6d7 $1 {[%cal Rd6e5] LiveBook: 5 Games} 11. Be2 $146 (11. cxd6 $11 exd6 12. Qd2) ({Predecessor:} 11. cxd6 exd6 12. Qxd6 Nxe5 13. Qxd8 Nxf3+ 14. gxf3 Rxd8 15. Rc1 {½-½ (38) Stopa,J (2460)-Narciso Dublan,M (2532) Montcada 2011}) 11... dxe5 $17 12. fxe5 Qa5 13. Qd2 Nxe5 14. Nd4 Nbc6 15. Rd1 Nxd4 $1 16. Bxd4 Rad8 {Threatens to win with ...Rxd4!} 17. Nb5 Qa6 ({Black should try} 17... Qxd2+ $17 18. Rxd2 Bf5) 18. Qb2 $2 {[#]} (18. Qe3 $15 Ng4 19. Qc3 Bxd4 20. Nxd4) 18... Rxd4 $1 $19 {[%mdl 512]} 19. Nxd4 (19. Qxd4 Nf3+) 19... Nc6 20. O-O Nxd4 $2 ({Less strong is} 20... Bxd4+ 21. Rxd4 Nxd4 22. Qxd4 $17) (20... b6 $1 $19 21. b4 bxc5 22. bxc5 (22. b5 $2 Qb6 $19) 22... Bxc4 23. Bxc4 Qxc4 {[%mdl 64] Double Attack}) 21. Rxd4 $17 Bxd4+ 22. Qxd4 Qxa2 {[%mdl 64] Double Attack} 23. Qe3 Qa5 24. Bf3 Rc8 $1 25. Bxb7 Rxc5 ({But not} 25... Qxc5 26. Qxc5 Rxc5 27. Ra1 $15) 26. Bf3 Qb6 27. Re1 (27. Rd1 $17) 27... Re5 $1 $19 {[%cal Re5e3]} 28. Qxb6 {Qd8+ would kill now.} Rxe1+ 29. Kf2 axb6 30. Kxe1 {[%mdl 4096] Endgame KB-KB} Kf8 31. Bc6 {[#]} Bf5 $1 32. Kd2 {[#]} e5 $1 33. Kc3 Ke7 34. Kb4 Bc2 35. Bd5 f5 36. c5 (36. Kc3 $17 Bb1 37. Kb2) 36... bxc5+ 37. Kxc5 Kd7 38. b4 Kc7 $2 (38... g5 $19 39. b5 e4) 39. b5 $2 (39. Bg8 $1 $15) 39... Be4 $2 {[%mdl 32768] Accuracy: White = 16%, Black = 56%. . Loss on time!?} ({Better is} 39... g5 $19 40. b6+ Kb8) 1-0

[Event "CAT-chT Honor Division 2019"]
[Site "Catalonia"]
[Date "2019.03.30"]
[Round "11.4"]
[White "Stella, Andrea"]
[Black "Arnaudov, G. Petar"]
[Result "1/2-1/2"]
[WhiteElo "2512"]
[BlackElo "2462"]
[Annotator "TA"]
[PlyCount "52"]
[EventDate "2019.01.16"]
[EventType "team-tourn"]
[EventCountry "ESP"]
[SourceTitle "playchess.com"]
[Source "ChessBase"]
[SourceQuality "1"]
[WhiteTeam "Colon Sabadell Chessy"]
[BlackTeam "CE Barbera"]

{[%evp 9,52,20,32,12,25,31,33,15,19,17,27,21,40,41,47,18,36,0,8,0,0,0,0,0,0,11,20,0,14,0,0,0,18,0,36,19,22,21,53,16,14,4,25,12,18]} 1. d4 d5 2. c4 e6 3. Nc3 a6 4. cxd5 exd5 5. Nf3 Nf6 6. Qb3 {D37: Queen's Gambit Declined: 5 Bf4} (6. Bg5 Be6 7. e3 Nbd7 8. Bd3 h6 9. Bf4 g5 10. Bg3 Nh5 11. Be5 Nhf6 12. Bg3 Nh5 13. Ne2 Nxg3 14. Nxg3 {1-0 (61) Leko,P (2679)-Caruana,F (2832) Germany 2019}) 6... Be7 7. Bg5 c6 8. e3 {White is slightly better.} O-O 9. Bd3 Nbd7 10. O-O Nh5 11. Bxe7 Qxe7 12. Qc2 g6 13. e4 $146 ({Predecessor:} 13. Rae1 Ndf6 14. Ne5 Nd7 15. f4 {1-0 (26) Plskova,M (2181)-Malik,M (1775) ICCF email 2012}) 13... dxe4 14. Nxe4 Nf4 15. Rfe1 Nxd3 16. Qxd3 Nf6 17. Nc5 Qd6 18. Qd2 b6 19. Na4 Nd5 20. Ne5 Bd7 21. Rac1 Rab8 22. Nc3 Nxc3 23. Qxc3 Rfe8 24. Qc4 Re6 25. Red1 a5 26. Qc3 Be8 {Accuracy: White = 38%, Black = 58%.} 1/2-1/2

[Event "CAT-chT Honor Division 2019"]
[Site "Catalonia"]
[Date "2019.03.30"]
[Round "11.4"]
[White "Feher, Adam"]
[Black "Panelo, Marcelo"]
[Result "1/2-1/2"]
[WhiteElo "2387"]
[BlackElo "2366"]
[Annotator "NA"]
[PlyCount "61"]
[EventDate "2019.01.16"]
[EventType "team-tourn"]
[EventCountry "ESP"]
[SourceTitle "playchess.com"]
[Source "ChessBase"]
[SourceQuality "1"]
[WhiteTeam "EEB"]
[BlackTeam "SJO"]
[TimeControl "5400+30"]

1. e4 {[%emt 0:00:00]} c5 {[%emt 0:03:15]} 2. Nf3 {[%emt 0:00:00]} d6 {[%emt 0:00:20]} 3. d4 {[%emt 0:00:20]} cxd4 {[%emt 0:00:06]} 4. Nxd4 {[%emt 0:00:07]} Nf6 {[%emt 0:00:04]} 5. Nc3 {[%emt 0:00:09]} a6 {[%emt 0:00:06]} 6. g3 {[%emt 0:00:51]} e5 {[%emt 0:02:18]} 7. Nb3 {[%emt 0:00:19]} Be7 {[%emt 0:00:36]} 8. Bg2 {[%emt 0:06:34]} O-O {[%emt 0:00:15]} 9. a4 {[%emt 0:01:00] B91: Sicilian Najdorf: 6 g3} Bg4 {[%emt 0:07:36]} (9... Nc6 10. O-O Nb4 11. a5 Be6 12. Bg5 h6 13. Bxf6 Bxf6 14. Ra4 Nc6 15. Nd5 Rc8 16. c3 g6 17. Nxf6+ Qxf6 18. Qxd6 {½-½ (68) Duda,J (2737)-Grischuk,A (2766) chess.com INT 2018}) 10. Qd3 {[%emt 0:04:50]} Nc6 {[%emt 0:01:48]} 11. Nd5 {[%emt 0:17:34]} Rc8 {[%emt 0:23:43]} 12. Bd2 {[%emt 0:04:01]} Nxd5 {[%emt 0:02:09]} 13. exd5 {[%emt 0:00:58]} Nd4 $146 {[%emt 0:11:23]} ({Predecessor:} 13... e4 14. Qxe4 Ne5 15. O-O Rc4 16. Qe3 Rxc2 {1-0 (44) Atlas,V (2432)-Forster,R (2458) Switzerland 2017}) 14. Nxd4 {[%emt 0:02:56]} exd4 {[%emt 0:00:07]} 15. O-O {[%emt 0:04:44]} Bf6 {[%emt 0:05:25]} 16. h3 {[%emt 0:03:59]} Bd7 {[%emt 0:04:38]} 17. Rfc1 {[%emt 0:10:39]} Re8 18. Qb3 b5 {[%emt 0:05:40]} 19. axb5 {[%emt 0:23:25]} Bxb5 {[%emt 0:09:51]} 20. c4 {[%emt 0:01:46]} dxc3 {[%emt 0:00:17]} 21. Bxc3 {[%emt 0:00:19]} Bxc3 {[%emt 0:02:59]} 22. Rxc3 Qf6 {[%emt 0:00:06]} 23. Rxc8 {[%emt 0:04:31]} Rxc8 {[%emt 0:05:26]} 24. Bf1 {[%emt 0:01:27]} g6 {[%emt 0:05:56]} 25. Bxb5 {[%emt 0:02:24]} axb5 {[%emt 0:00:36]} 26. Qxb5 {[%emt 0:00:30]} Rc2 {[%emt 0:00:13]} 27. Qe8+ {[%emt 0:00:23]} Kg7 {[%emt 0:00:00]} 28. Qe3 {[%emt 0:00:17]} Rxb2 {[%emt 0:03:12]} 29. Rd1 {[%emt 0:02:39]} Rc2 {[%emt 0:01:56]} 30. Kg2 {[%emt 0:01:25]} Rc3 31. Qe4 $11 1/2-1/2

[Event "CAT-chT Honor Division 2019"]
[Site "Catalonia"]
[Date "2019.03.30"]
[Round "11.5"]
[White "Rizouk, Aimen"]
[Black "Diaz Camallonga, Carles"]
[Result "1-0"]
[WhiteElo "2441"]
[BlackElo "2432"]
[Annotator "TA"]
[PlyCount "115"]
[EventDate "2019.01.16"]
[EventType "team-tourn"]
[EventCountry "ESP"]
[SourceTitle "playchess.com"]
[Source "ChessBase"]
[SourceQuality "1"]
[WhiteTeam "CE Barbera"]
[BlackTeam "Colon Sabadell Chessy"]

{[%evp 9,115,0,0,0,11,10,10,4,11,0,13,0,5,12,21,8,12,0,25,12,10,0,0,0,0,0,26,0,0,-2,-3,-25,-16,-97,-94,-52,176,177,162,168,168,173,175,167,152,157,172,169,169,169,169,164,170,173,184,186,181,180,190,176,196,181,202,203,203,202,206,204,213,208,200,202,209,206,206,206,206,203,204,202,204,204,243,187,277,251,270,269,359,360,385,376,641,642,559,633,627,620,604,603,599,598,570,553,613,597,5143,2440]} 1. e4 e6 2. d4 d5 3. Nd2 c5 4. exd5 Qxd5 5. dxc5 Nf6 6. Ngf3 {C07: French Tarrasch: 3...c5, 4 Ngf3 and 4 exd5 Qxd5} Qxc5 7. Bd3 Nbd7 8. O-O {The position is equal.} Be7 (8... Qc7 9. a4 Be7 10. a5 O-O 11. c3 b6 12. axb6 Nxb6 13. Nb3 {0-1 (54) Demchenko,A (2679)-Vitiugov,N (2719) St Petersburg 2018}) 9. Ne4 Qc7 10. Nxf6+ (10. Re1 {seems wilder.} O-O 11. Bg5 b6 12. Qe2 Bb7 13. Rad1) 10... Nxf6 11. Qe2 O-O 12. Ne5 Bd6 13. Bf4 b6 {[#]} 14. Rad1 $146 ({Predecessor:} 14. c4 Bb7 {½-½ (14) Antoniewski,R (2585)-Petr,M (2526) Czechia 2011}) 14... Bb7 15. a3 Rac8 16. Rfe1 Rfd8 17. Bg3 h6 18. c4 Ba8 19. Bb1 Qb7 {[%csl Ga8][%cal Rb7g2]} 20. f3 {Hoping for Rxd6!} Qe7 21. Kh1 {[#]} (21. f4 $11) 21... Nh5 $1 $17 22. Bf2 Qg5 $2 {[#]} (22... Nf4 $1 $15 23. Qc2 Qg5) 23. Nxf7 $1 $18 {[%mdl 576] Discovered Attack, Remove Defender, Decoy} Kxf7 24. Qxe6+ {[%mdl 64] Double Attack} Kf8 {And now ...Nf4 would win.} 25. Rxd6 Nf4 {[%csl Gf4][%cal Rg5g2]} 26. Rxd8+ Rxd8 {[%csl Gf4][%cal Rg5g2]} 27. Qf5+ Qxf5 28. Bxf5 Nd3 {[#]} 29. Bxd3 $1 Rxd3 {[%mdl 4096] Endgame KRB-KRB} 30. Kg1 Kf7 31. c5 bxc5 32. Bxc5 Rd7 33. Bb4 Bc6 34. Kf2 Rb7 35. Re5 g6 36. h4 h5 37. Kg3 Kf6 38. Rc5 Bd7 39. Bc3+ Kf7 40. Kf4 a6 41. Rd5 Ke6 42. Re5+ Kf7 43. Rc5 Bb5 44. Rc8 Rd7 45. Rb8 Rd5 46. Rb7+ Bd7 (46... Ke6 $142 47. Rg7 Bd3) 47. Rb6 Rf5+ 48. Ke4 a5 49. Be5 a4 50. Kd5 g5 $2 (50... Ke7 51. Rxg6 Rf8 52. Bd6+ Kf7) 51. Kd6 {White is clearly winning.} Be8 52. Rb7+ Kf8 53. Ke6 {Threatening mate with Bg7+.} Rf7 54. Rb8 Re7+ 55. Kf6 {Intending Bd6 and mate.} Rf7+ 56. Kxg5 {Strongly threatening Bd6+.} Ke7 {[#]} 57. Bf6+ $1 {[%mdl 512]} Kd7 (57... Rxf6 58. Rxe8+) 58. Rd8+ {Accuracy: White = 77%, Black = 47%.} 1-0

[Event "CAT-chT Honor Division 2019"]
[Site "Catalonia"]
[Date "2019.03.30"]
[Round "11.5"]
[White "Castrillon Gomez, Melissa"]
[Black "Matnadze, Ana"]
[Result "1/2-1/2"]
[WhiteElo "2231"]
[BlackElo "2372"]
[Annotator "ChessBase"]
[PlyCount "108"]
[EventDate "2019.01.16"]
[EventType "team-tourn"]
[EventCountry "ESP"]
[SourceTitle "playchess.com"]
[Source "ChessBase"]
[SourceQuality "1"]
[WhiteTeam "SJO"]
[BlackTeam "EEB"]
[TimeControl "5400+30"]

1. Nf3 {[%emt 0:00:00]} Nf6 {[%emt 0:00:00]} 2. c4 {[%emt 0:00:18]} e6 {[%emt 0:00:37]} 3. g3 {[%emt 0:00:14]} b6 {[%emt 0:00:06]} 4. Bg2 {[%emt 0:00:04]} Bb7 {[%emt 0:00:05]} 5. O-O {[%emt 0:00:41]} Be7 {[%emt 0:00:11]} 6. d4 {[%emt 0:00:25]} O-O {[%emt 0:00:09]} 7. Nc3 {[%emt 0:00:30]} Ne4 {[%emt 0:00:20]} 8. Bd2 {[%emt 0:00:32]} f5 {[%emt 0:00:11]} 9. Be1 {[%emt 0:01:33]} Bf6 {[%emt 0:00:48]} 10. Rc1 {[%emt 0:04:09]} d5 {[%emt 0:08:53]} 11. Ne5 {[%emt 0:16:46]} Nd7 {[%emt 0:02:12]} 12. f3 {[%emt 0:05:37]} Nxc3 {[%emt 0:07:11]} 13. Bxc3 {[%emt 0:00:16]} dxc4 {[%emt 0:15:59]} 14. Nxc4 {[%emt 0:09:05]} Qe7 {[%emt 0:02:13]} 15. e4 {[%emt 0:07:21]} Rad8 {[%emt 0:13:10]} 16. f4 {[%emt 0:12:06]} fxe4 {[%emt 0:05:24]} 17. Qe2 {[%emt 0:01:57]} c5 {[%emt 0:02:30]} 18. Bxe4 {[%emt 0:11:03]} cxd4 {[%emt 0:04:35]} 19. Bxb7 {[%emt 0:01:47]} dxc3 {[%emt 0:00:07]} 20. bxc3 {[%emt 0:03:47]} Nc5 {[%emt 0:01:20]} 21. Be4 {[%emt 0:00:31]} Nxe4 {[%emt 0:05:58]} 22. Qxe4 {[%emt 0:00:05]} Qc5+ {[%emt 0:00:19]} 23. Kh1 {[%emt 0:01:46]} Kh8 {[%emt 0:04:47]} 24. Rfe1 {[%emt 0:04:06]} Qd5 {[%emt 0:05:46]} 25. Qxd5 {[%emt 0:01:44]} exd5 {[%emt 0:00:02]} 26. Ne5 {[%emt 0:00:24]} g5 {[%emt 0:00:52]} 27. f5 {[%emt 0:04:04]} Kg7 {[%emt 0:02:32]} 28. g4 {[%emt 0:05:30]} Rfe8 {[%emt 0:01:41]} 29. Nc6 {[%emt 0:00:38]} Rc8 {[%emt 0:07:20]} 30. Rxe8 {[%emt 0:01:48]} Rxe8 {[%emt 0:00:02]} 31. Rd1 {[%emt 0:01:30]} h5 {[%emt 0:03:14]} 32. gxh5 {[%emt 0:02:16]} Kh6 {[%emt 0:00:40]} 33. Rxd5 {[%emt 0:00:32]} Kxh5 {[%emt 0:00:14]} 34. Nd4 {[%emt 0:02:28]} Kg4 {[%emt 0:01:34]} 35. Ne6 {[%emt 0:01:15]} Rc8 {[%emt 0:01:42]} 36. Rd3 {[%emt 0:00:37]} Kxf5 {[%emt 0:02:54]} 37. Nd4+ {[%emt 0:00:01]} Ke4 {[%emt 0:00:43]} 38. Rg3 {[%emt 0:00:05]} a5 {[%emt 0:00:38]} 39. Nb5 {[%emt 0:00:25]} Rc5 {[%emt 0:00:37]} 40. c4 {[%emt 0:00:16]} Kf4 {[%emt 0:00:32]} 41. Na3 {[%emt 0:01:45]} Bb2 {[%emt 0:00:59]} 42. Kg2 {[%emt 0:00:14]} Bxa3 {[%emt 0:00:19]} 43. Rxa3 {[%emt 0:00:01]} Rxc4 {[%emt 0:00:11]} 44. Rf3+ {[%emt 0:00:22]} Ke5 {[%emt 0:00:34]} 45. Rb3 {[%emt 0:01:16]} Rc6 {[%emt 0:01:34]} 46. Rb5+ {[%emt 0:00:07]} Kf4 {[%emt 0:00:09]} 47. Rb2 {[%emt 0:00:10]} g4 {[%emt 0:00:24]} 48. Rf2+ {[%emt 0:01:16]} Ke3 {[%emt 0:00:05]} 49. Kg3 {[%emt 0:00:24]} Rc4 {[%emt 0:01:03]} 50. Rb2 {[%emt 0:00:39]} Kd4 {[%emt 0:00:57]} 51. Rxb6 {[%emt 0:00:14]} Kc5 {[%emt 0:00:21]} 52. Rb8 {[%emt 0:00:45]} Ra4 {[%emt 0:00:12]} 53. Rb2 {[%emt 0:00:07]} Rd4 {[%emt 0:00:31]} 54. Kh4 {[%emt 0:00:55]} Ra4 {[%emt 0:00:36]} 1/2-1/2